Normal view MARC view
  • Coasts, Oceans, Ports and Rivers Institute (American Society of Civil Engineers)

Entry Corporate Name

Number of records used in: 1

001 - CONTROL NUMBER

  • control field: 25123

003 - CONTROL NUMBER IDENTIFIER

  • control field: NUST

005 - DATE AND TIME OF LATEST TRANSACTION

  • control field: 20191104160509.0

008 - FIXED-LENGTH DATA ELEMENTS

  • fixed length control field: 191104|| aca||aabn | a|a d

040 ## - CATALOGING SOURCE

  • Original cataloging agency: NUST
  • Transcribing agency: NUST

110 ## - HEADING--CORPORATE NAME

  • Corporate name or jurisdiction name as entry element: Coasts, Oceans, Ports and Rivers Institute (American Society of Civil Engineers)

670 ## - SOURCE DATA FOUND

  • Source citation: Work cat.: (NUST)0: Wiegel, Robert L. 25120, Selected coastal engineering papers of Robert L. Wiegel /, c2011.
© 2023 Central Library, National University of Sciences and Technology. All Rights Reserved.